| Tag |
First Indicator |
Second Indicator |
Subfields |
| LEADER |
00000cam a2200000 4500 |
| 001 |
in00000093398 |
| 005 |
20150927070141.0 |
| 008 |
750303s1965 eng u |
| 010 |
|
|
|a 65022427
|
| 020 |
|
|
|a 0471504300
|
| 035 |
|
|
|a (OCoLC)01197680
|
| 035 |
|
|
|9 AAL5243AM
|
| 040 |
|
|
|c IEA
|d TXA
|d UtOrBLW
|
| 049 |
|
|
|a TXAM
|c [855317]
|
| 050 |
0 |
0 |
|a TR350
|b .K65
|
| 082 |
0 |
|
|a 771.5
|
| 100 |
1 |
|
|a Kosar, Jaromir.
|
| 245 |
1 |
0 |
|a Light-sensitive systems ;
|b chemistry and application of nonsilver halide photographic processes.
|
| 264 |
|
1 |
|a New York :
|b Wiley,
|c [1965]
|
| 300 |
|
|
|a xv, 473 pages :
|b illustrations ;
|c 24 cm.
|
| 336 |
|
|
|a text
|b txt
|2 rdacontent
|
| 337 |
|
|
|a unmediated
|b n
|2 rdamedia
|
| 338 |
|
|
|a volume
|b nc
|2 rdacarrier
|
| 490 |
1 |
|
|a Wiley series on photographic science and technology and the graphic arts
|
| 504 |
|
|
|a Includes bibliographies.
|
| 650 |
|
0 |
|a Photography
|x Printing processes.
|
| 650 |
|
0 |
|a Photographic chemistry.
|
| 740 |
0 |
|
|a Nonsilver halide photographic processes.
|
| 830 |
|
0 |
|a Wiley series on photographic science and technology and the graphic arts.
|
| 999 |
|
|
|a MARS
|
| 999 |
f |
f |
|s 756ffdb4-add0-3683-9e9b-137974aebb55
|i e3c7727c-d295-3514-afd7-2897290ed1b1
|t 0
|
| 952 |
f |
f |
|p ric
|a Texas A&M University
|b Rellis Campus
|c Joint Library Facility
|d Remote Storage
|t 0
|e TR350 .K65
|h Library of Congress classification
|i unmediated -- volume
|m A14805626507
|
| 998 |
f |
f |
|a TR350 .K65
|t 0
|l Remote Storage
|